| 000 | nam a22 a 4500 | ||
|---|---|---|---|
| 999 |
_c1091 _d1091 |
||
| 003 | AKMAL | ||
| 005 | 20170508134747.0 | ||
| 008 | 170508s1995 my 00 ara d | ||
| 020 |
_a983990020X (pbk.): _cRM7.00 |
||
| 040 | _aAKMAL | ||
| 082 | 0 | 4 | _a297.44 ALA |
| 090 | 0 | 0 |
_a297.44 _bALA |
| 100 | 1 |
_aal-Attas, Syed Muhammad Naquib, _d1931- _9847 |
|
| 245 | 1 | 0 |
_aHakikat al-sa'adah wa ma'naaha fi al-Islam / _cal-ustaz al-doktor Syed Muhammad Naquib al-Attas |
| 260 |
_aKuala Lumpur : _bInternational Institute of Islamic Thought and Civilization, _c1995 |
||
| 300 | 0 | 0 |
_a32p. ; _c22cm |
| 500 | _aTexts in Arabic | ||
| 650 | 0 |
_aHappiness _xReligious aspects _xIslam _92266 |
|
| 650 | 0 |
_aIslamic ethics _91621 |
|
| 650 | 0 |
_aIslam _xPsychology _91268 |
|
| 650 | 0 |
_aReligious life _xIslam _9819 |
|
| 710 | 2 |
_aInstitut Antarabangsa Pemikiran dan Tamadun Islam _92267 |
|
| 942 |
_2ddc _cBOOK |
||